000 00605nam a2200205Ia 4500
003 OSt
005 20251013143302.0
008 220923b |||||||| |||| 00| 0 eng d
020 _a0192860518
037 _cReference
040 _aRTL
_cRTL
_beng
041 _2eng
_aeng
084 _aR3.N83, M3/SC
_qRTL
100 _aGardnr, Martin.
_916336
245 0 _aOrder and surprise.
260 _aOxford
_bOxford university press
_c1984
300 _a396 p.
_ccm.
_bIncludes bibliographical references and index.
942 _hR3.N83, M3/SC
_cREF
_2CC
_n0
999 _c646758
_d646758